| 000 | 00814nam a2200229 a 4500 | ||
|---|---|---|---|
| 001 | 86442 | ||
| 003 | BD-RjUL | ||
| 005 | 20260506115126.0 | ||
| 008 | 260506s2024 bg ||||| |||| 00| 0 ben d | ||
| 020 | _a9789849653985 | ||
| 035 | _a(BD-RjUL)86442 | ||
| 040 |
_aBD-RjUL _beng _cBD-RjUL |
||
| 041 | _aben | ||
| 082 |
_223 _a891.441 _bREP 2024 |
||
| 100 |
_aরেহানা, আক্তারুন্নাহার _918352 |
||
| 245 |
_aপ্রেম ও প্রকৃতি : _bঅনুকাব্য / _cআক্তারুন্নাহার রেহানা |
||
| 260 |
_aঢাকা : _bঅভিযান, _c২০২৪ |
||
| 300 |
_a৮০,৮০ পৃ.; _c১৪ সেমি. |
||
| 650 |
_aবাংলা কবিতা _918372 |
||
| 650 |
_aBengali poetry _918373 |
||
| 942 |
_2ddc _cBK |
||
| 999 |
_c86442 _d86442 |
||